[Event "ENG-ch Senior Over 65"]
[Site "Kenilworth"]
[Date "2025.04.27"]
[Round "6.12"]
[White "Waters, Andrew C"]
[Black "Tucker, David S"]
[Result "1/2-1/2"]
[WhiteElo "1841"]
[BlackElo "1904"]
[PlyCount "74"]
[EventDate "2025.04.24"]
[EventType "swiss"]
[EventRounds "7"]
[EventCountry "ENG"]
[SourceTitle "BritBase"]
[Source "John Saunders"]
[SourceDate "1997.08.31"]
[SourceVersion "1"]
[SourceVersionDate "1997.08.31"]
[SourceQuality "1"]

1. e4 c5 2. Nf3 Nc6 3. Bb5 Nf6 4. Bxc6 dxc6 5. d3 Bg4 6. Nbd2 e6 7. h3 Bh5 8. O-O Qc7 9. b3 O-O-O 10. Bb2 Nd7 11. e5 f6 12. g4 Bf7 13. Re1 Be7 14. a4 h5 15. Nc4 hxg4 16. hxg4 Rh7 17. Qd2 Nb6 18. Nxb6+ axb6 19. a5 bxa5 20. Rxa5 Rdh8 21. Ra8+ Kd7 22. Rxh8 Rxh8 23. d4 Rd8 24. dxc5+ Ke8 25. Qe3 Qa5 26. Ra1 Qxc5 27. Qxc5 Bxc5 28. exf6 gxf6 29. Bxf6 Be7 30. Bxe7 Kxe7 31. Ra7 Rb8 32. Ne5 Be8 33. f4 Kd6 34. g5 Kc7 35. g6 Bxg6 36. Nxg6 Rg8 37. Ra5 Rxg6+ 1/2-1/2

[Event "ENG-ch Senior Over 65"]
[Site "Kenilworth"]
[Date "2025.04.27"]
[Round "6.13"]
[White "Goodwin, Ed H"]
[Black "Greatorex, Roger"]
[Result "1/2-1/2"]
[WhiteElo "1876"]
[BlackElo "1744"]
[PlyCount "111"]
[EventDate "2025.04.24"]
[EventType "swiss"]
[EventRounds "7"]
[EventCountry "ENG"]
[SourceTitle "BritBase"]
[Source "John Saunders"]
[SourceDate "1997.08.31"]
[SourceVersion "1"]
[SourceVersionDate "1997.08.31"]
[SourceQuality "1"]

1. d4 d5 2. c4 e6 3. Nc3 Nf6 4. cxd5 exd5 5. Bg5 Be7 6. e3 c6 7. Bd3 Nbd7 8. Qc2 h6 9. Bh4 O-O 10. Nge2 Re8 11. O-O Nf8 12. f3 N6h7 13. Bf2 Bg5 14. e4 dxe4 15. fxe4 Be6 16. Rad1 Be7 17. Bg3 Nf6 18. h3 Qc8 19. Nf4 Rd8 20. Bf2 g5 21. Nxe6 Nxe6 22. Bc4 Nf4 23. Kh2 Kg7 24. Be3 N6h5 25. Ne2 f5 26. Nxf4 Nxf4 27. Bxf4 gxf4 28. Rxf4 Rf8 29. Kg1 Bg5 30. Rxf5 Rxf5 31. exf5 Bf6 32. Qe4 Qf8 33. Qg4+ Kh8 34. b3 Rd8 35. Kh1 Rd7 36. Qe4 Re7 37. Be6 Qg7 38. d5 Be5 39. Qg4 cxd5 40. Qxg7+ Kxg7 41. Rxd5 Kf6 42. Rd7 Rxd7 43. Bxd7 Bg3 44. Kg1 h5 45. Kf1 a5 46. Ke2 h4 47. Kd3 b6 48. Kc4 Bf2 49. Bc8 Bc5 50. Kd5 Bf2 51. Bd7 Bc5 52. Ke4 Bf2 53. Kf3 Bg3 54. Ke4 Kg5 55. Kd5 Kf6 56. Bc8 1/2-1/2

[Event "ENG-ch Senior Over 65"]
[Site "Kenilworth"]
[Date "2025.04.27"]
[Round "6.14"]
[White "Collins, Nigel"]
[Black "Wynarczyk, Raymond"]
[Result "0-1"]
[WhiteElo "1577"]
[BlackElo "1813"]
[PlyCount "48"]
[EventDate "2025.04.24"]
[EventType "swiss"]
[EventRounds "7"]
[EventCountry "ENG"]
[SourceTitle "BritBase"]
[Source "John Saunders"]
[SourceDate "1997.08.31"]
[SourceVersion "1"]
[SourceVersionDate "1997.08.31"]
[SourceQuality "1"]

1. c4 e6 2. e4 d5 3. cxd5 exd5 4. exd5 Qxd5 5. Nc3 Qe5+ 6. Qe2 Qxe2+ 7. Bxe2 Bd7 8. Nf3 Nc6 9. O-O O-O-O 10. d4 Bg4 11. Ne5 Nxe5 12. dxe5 Bxe2 13. Nxe2 Re8 14. f4 Bc5+ 15. Kh1 f6 16. exf6 Nxf6 17. Nc3 Ng4 18. g3 Re7 19. Bd2 Rd8 20. Na4 Rxd2 21. Nxc5 Ree2 22. Rfe1 Nf2+ 23. Kg1 Nh3+ 24. Kh1 Rxh2# 0-1

[Event "ENG-ch Senior Over 65"]
[Site "Kenilworth"]
[Date "2025.04.27"]
[Round "6.15"]
[White "Carpenter, David J"]
[Black "Neatherway, A Philip"]
[Result "0-1"]
[WhiteElo "1624"]
[BlackElo "1761"]
[PlyCount "60"]
[EventDate "2025.04.24"]
[EventType "swiss"]
[EventRounds "7"]
[EventCountry "ENG"]
[SourceTitle "BritBase"]
[Source "John Saunders"]
[SourceDate "1997.08.31"]
[SourceVersion "1"]
[SourceVersionDate "1997.08.31"]
[SourceQuality "1"]

1. Nf3 d5 2. g3 Nf6 3. Bg2 g6 4. d4 Bg7 5. O-O O-O 6. Re1 c5 7. dxc5 Qa5 8. c3 Qxc5 9. Nbd2 Nc6 10. Nb3 Qb6 11. Be3 Qc7 12. h3 b6 13. Qc1 Bb7 14. Bh6 Rac8 15. Bxg7 Kxg7 16. Qe3 e5 17. Red1 Rfe8 18. Qc1 Qe7 19. e3 Red8 20. Re1 a5 21. a4 Qe6 22. Qd1 h6 23. Rc1 Ne7 24. g4 g5 25. Nbd2 Ng6 26. Nb3 Ne4 27. Nfd2 Nh4 28. Bxe4 dxe4 29. Qc2 h5 30. Red1 hxg4 0-1

[Event "ENG-ch Senior Over 65"]
[Site "Kenilworth"]
[Date "2025.04.27"]
[Round "6.16"]
[White "Kenning, Paul H"]
[Black "Morrish, John"]
[Result "1/2-1/2"]
[WhiteElo "1771"]
[BlackElo "1786"]
[PlyCount "64"]
[EventDate "2025.04.24"]
[EventType "swiss"]
[EventRounds "7"]
[EventCountry "ENG"]
[SourceTitle "BritBase"]
[Source "John Saunders"]
[SourceDate "1997.08.31"]
[SourceVersion "1"]
[SourceVersionDate "1997.08.31"]
[SourceQuality "1"]

1. e4 e5 2. Nc3 Nc6 3. Bc4 d6 4. d3 Be7 5. f4 Na5 6. Bb3 Nxb3 7. axb3 exf4 8. Bxf4 Bg5 9. Qd2 Bh4+ 10. g3 Bf6 11. Nf3 h6 12. O-O Ne7 13. Kg2 Be6 14. Be3 a6 15. Rae1 Nc6 16. d4 Qd7 17. Ng1 Bg4 18. Nd5 Be7 19. Nf4 g5 20. Nd5 O-O-O 21. Rxf7 Qe6 22. Nxe7+ Nxe7 23. Qf2 Qxe4+ 24. Kf1 Qe6 25. Bd2 Bh3+ 26. Nxh3 Qxh3+ 27. Qg2 Qxg2+ 28. Kxg2 Nc6 29. Bc3 d5 30. Re6 Rde8 31. Rff6 Rxe6 32. Rxe6 Kd7 1/2-1/2

[Event "ENG-ch Senior Over 65"]
[Site "Kenilworth"]
[Date "2025.04.27"]
[Round "6.17"]
[White "Robinson, Steve"]
[Black "Erdogan, Hassan"]
[Result "0-1"]
[WhiteElo "1580"]
[BlackElo "1806"]
[PlyCount "78"]
[EventDate "2025.04.24"]
[EventType "swiss"]
[EventRounds "7"]
[EventCountry "ENG"]
[SourceTitle "BritBase"]
[Source "John Saunders"]
[SourceDate "1997.08.31"]
[SourceVersion "1"]
[SourceVersionDate "1997.08.31"]
[SourceQuality "1"]

1. Nc3 c5 2. e4 Nc6 3. f4 d6 4. Nf3 g6 5. d4 cxd4 6. Nxd4 Bg7 7. Bb5 Bd7 8. Nxc6 Bxc6 9. Bxc6+ bxc6 10. Be3 Qc7 11. O-O Nf6 12. Qf3 O-O 13. f5 Nd7 14. Qh3 Ne5 15. g4 Nc4 16. fxg6 hxg6 17. Bh6 Qb6+ 18. Kh1 Qxb2 19. Bxg7 Kxg7 20. Qd3 Ne5 21. Qd2 Rh8 22. Rab1 Qa3 23. Rb3 Qa6 24. Rfb1 Nxg4 25. Qg5 Nf6 26. Rb7 Rh5 27. Qg3 e5 28. Qd3 Qa5 29. Qc4 d5 30. Qb3 Rah8 31. Rxf7+ Kxf7 32. Qb7+ Kf8 33. Qb8+ Ne8 34. Rf1+ Kg7 35. Qb7+ Qc7 36. Qa6 Rxh2+ 37. Kg1 Qb6+ 38. Qxb6 axb6 39. exd5 Rh1+ 0-1

[Event "ENG-ch Senior Over 65"]
[Site "Kenilworth"]
[Date "2025.04.27"]
[Round "6.18"]
[White "Clarke, Duncan"]
[Black "Morris, Nigel W"]
[Result "1-0"]
[WhiteElo "1541"]
[BlackElo "1611"]
[PlyCount "71"]
[EventDate "2025.04.24"]
[EventType "swiss"]
[EventRounds "7"]
[EventCountry "ENG"]
[SourceTitle "BritBase"]
[Source "John Saunders"]
[SourceDate "1997.08.31"]
[SourceVersion "1"]
[SourceVersionDate "1997.08.31"]
[SourceQuality "1"]

1. d4 Nf6 2. Nf3 c5 3. e3 d6 4. Nbd2 cxd4 5. exd4 g6 6. b3 Bg7 7. Bb2 a6 8. Bd3 Bg4 9. h3 Bxf3 10. Nxf3 O-O 11. O-O Nc6 12. a3 Nh5 13. Qd2 Qc7 14. c3 Rae8 15. Rac1 e5 16. Bb1 e4 17. Nh2 f5 18. Rfe1 Qe7 19. b4 Nf6 20. Nf1 h6 21. Qe2 Qd7 22. Ba2+ Kh7 23. Rc2 g5 24. Qd1 f4 25. Bc1 f3 26. Re3 g4 27. gxf3 gxh3 28. Nh2 exf3 29. Qd3+ Kh8 30. Rxf3 Re1+ 31. Nf1 Ne4 32. Rxf8+ Bxf8 33. Bf4 Qg4+ 34. Bg3 Nxg3 35. Qxg3 Qd1 36. Qg8# 1-0

[Event "ENG-ch Senior Over 65"]
[Site "Kenilworth"]
[Date "2025.04.28"]
[Round "7.1"]
[White "Townsend, M Paul"]
[Black "Moore, Geoffrey R"]
[Result "1/2-1/2"]
[WhiteElo "2149"]
[BlackElo "1983"]
[PlyCount "47"]
[EventDate "2025.04.24"]
[EventType "swiss"]
[EventRounds "7"]
[EventCountry "ENG"]
[SourceTitle "BritBase"]
[Source "John Saunders"]
[SourceDate "1997.08.31"]
[SourceVersion "1"]
[SourceVersionDate "1997.08.31"]
[SourceQuality "1"]

1. d4 Nf6 2. c4 g6 3. Nc3 Bg7 4. e4 d6 5. Nf3 O-O 6. Be2 e5 7. O-O Nc6 8. Be3 Ng4 9. Bg5 f6 10. Bc1 Nh6 11. d5 Ne7 12. Ne1 f5 13. Nd3 Kh8 14. f3 f4 15. c5 g5 16. Bd2 Nhg8 17. Rc1 Nf6 18. Nb5 Ne8 19. a4 h5 20. Nf2 Ng8 21. Bb4 Rf7 22. cxd6 cxd6 23. Qc2 Nh6 24. h3 1/2-1/2

[Event "ENG-ch Senior Over 65"]
[Site "Kenilworth"]
[Date "2025.04.28"]
[Round "7.2"]
[White "Myall, Ivan J"]
[Black "Littlewood, Paul E"]
[Result "0-1"]
[WhiteElo "1913"]
[BlackElo "2323"]
[PlyCount "86"]
[EventDate "2025.04.24"]
[EventType "swiss"]
[EventRounds "7"]
[EventCountry "ENG"]
[SourceTitle "BritBase"]
[Source "John Saunders"]
[SourceDate "1997.08.31"]
[SourceVersion "1"]
[SourceVersionDate "1997.08.31"]
[SourceQuality "1"]

1. e4 e5 2. Bc4 Nf6 3. d3 c6 4. Nf3 Be7 5. Nc3 O-O 6. O-O b5 7. Bb3 d6 8. Ne2 a5 9. c3 a4 10. Bc2 Re8 11. Ng3 h6 12. d4 Qc7 13. Re1 Bf8 14. h3 Na6 15. Be3 c5 16. dxe5 dxe5 17. c4 Nb4 18. cxb5 Qa5 19. Bb1 Qxb5 20. a3 Nc6 21. Re2 Ba6 22. Ba2 Rad8 23. Rd2 Rxd2 24. Qxd2 Rb8 25. Bd5 Nxd5 26. exd5 Nd4 27. Bxd4 exd4 28. Rb1 Qd7 29. Nh5 Qxd5 30. Qf4 Re8 31. Qg4 Qe6 32. Qxe6 Rxe6 33. Nf4 Re4 34. g3 Bd6 35. Nd2 Re8 36. Rc1 Rb8 37. Nc4 Bxc4 38. Rxc4 Rxb2 39. Nd3 Rb3 40. Nxc5 Rc3 41. Rxd4 Bxc5 42. Rxa4 Rxg3+ 43. Kh2 Rxa3 0-1

[Event "ENG-ch Senior Over 65"]
[Site "Kenilworth"]
[Date "2025.04.28"]
[Round "7.3"]
[White "Dilleigh, Stephen P"]
[Black "Baker, Chris W"]
[Result "0-1"]
[WhiteElo "2024"]
[BlackElo "2151"]
[PlyCount "108"]
[EventDate "2025.04.24"]
[EventType "swiss"]
[EventRounds "7"]
[EventCountry "ENG"]
[SourceTitle "BritBase"]
[Source "John Saunders"]
[SourceDate "1997.08.31"]
[SourceVersion "1"]
[SourceVersionDate "1997.08.31"]
[SourceQuality "1"]

1. Nf3 Nf6 2. c4 c5 3. Nc3 e6 4. g3 d5 5. cxd5 exd5 6. d4 Nc6 7. Bg2 Be6 8. O-O Rc8 9. b3 a6 10. Bb2 b5 11. a3 Nxd4 12. Nxd4 cxd4 13. Qxd4 Bc5 14. Qd3 O-O 15. Rad1 Qe7 16. Nxd5 Nxd5 17. Bxd5 Bxd5 18. Qxd5 Qxe2 19. Qd2 Rfe8 20. b4 Bf8 21. Bd4 f6 22. Qxe2 Rxe2 23. Rfe1 Ra2 24. Rd3 Rd8 25. Ree3 Kf7 26. Kg2 Rd5 27. h4 h5 28. Bb6 Rd6 29. Bc7 Rxd3 30. Rxd3 Ke6 31. Kf3 Rc2 32. Bf4 Be7 33. Re3+ Kf7 34. Rd3 g5 35. hxg5 fxg5 36. Be3 Ke6 37. Bb6 Bf6 38. Bc5 g4+ 39. Kg2 Be5 40. Rd8 Ra2 41. Re8+ Kd5 42. Rd8+ Kc4 43. Re8 Bc3 44. Re4+ Kb3 45. Re3 Rxa3 46. f3 Ra2+ 47. Kf1 a5 48. bxa5 Rxa5 49. fxg4 hxg4 50. Re4 Ra4 51. Re8 Rc4 52. Bd6 Bd2 53. Ke2 Kc2 54. Rb8 b4 0-1

[Event "ENG-ch Senior Over 65"]
[Site "Kenilworth"]
[Date "2025.04.28"]
[Round "7.4"]
[White "Snape, Ian L"]
[Black "Spanton, Tim R"]
[Result "1-0"]
[WhiteElo "2098"]
[BlackElo "1922"]
[PlyCount "67"]
[EventDate "2025.04.24"]
[EventType "swiss"]
[EventRounds "7"]
[EventCountry "ENG"]
[SourceTitle "BritBase"]
[Source "John Saunders"]
[SourceDate "1997.08.31"]
[SourceVersion "1"]
[SourceVersionDate "1997.08.31"]
[SourceQuality "1"]

1. c4 e6 2. g3 d5 3. Bg2 d4 4. Nf3 c5 5. d3 Nc6 6. O-O Nf6 7. e3 Be7 8. exd4 cxd4 9. Re1 O-O 10. b3 Bb4 11. Re2 a5 12. Bb2 Re8 13. a3 Bc5 14. Ne5 Nxe5 15. Rxe5 Bd6 16. Re1 e5 17. Nd2 Bg4 18. Bf3 Qd7 19. Bxg4 Qxg4 20. Qxg4 Nxg4 21. Ne4 Bc7 22. h3 Nh6 23. c5 Nf5 24. b4 axb4 25. axb4 Ne7 26. b5 b6 27. cxb6 Bxb6 28. Nd6 Rxa1 29. Rxa1 Rb8 30. Nc4 Nd5 31. Nxe5 f6 32. Nc6 Rb7 33. Bxd4 Bxd4 34. Ra8+ 1-0

[Event "ENG-ch Senior Over 65"]
[Site "Kenilworth"]
[Date "2025.04.28"]
[Round "7.5"]
[White "Bellers, Chris JV"]
[Black "Bonafont, Philip R"]
[Result "0-1"]
[WhiteElo "1926"]
[BlackElo "1976"]
[PlyCount "150"]
[EventDate "2025.04.24"]
[EventType "swiss"]
[EventRounds "7"]
[EventCountry "ENG"]
[SourceTitle "BritBase"]
[Source "John Saunders"]
[SourceDate "1997.08.31"]
[SourceVersion "1"]
[SourceVersionDate "1997.08.31"]
[SourceQuality "1"]

1. c4 e6 2. g3 d5 3. Bg2 Nf6 4. Nf3 dxc4 5. O-O a6 6. Qc2 c5 7. Na3 Nc6 8. Nxc4 b5 9. Nce5 Bb7 10. Nxc6 Bxc6 11. b3 Be7 12. Bb2 Rc8 13. d3 O-O 14. e4 Qb6 15. Qe2 Rfd8 16. Ne5 Bb7 17. Rfd1 Nd7 18. Nxd7 Rxd7 19. Qg4 Bf8 20. h4 Rcd8 21. Qe2 a5 22. Rac1 Ba6 23. Qe3 b4 24. Bf1 Bb5 25. Rc2 Qa6 26. Rcd2 a4 27. Be2 f6 28. f4 Qa5 29. Kg2 Bc6 30. Bf3 Qa8 31. Rc1 a3 32. Ba1 Qa6 33. Rcd1 Bb5 34. Be2 Kf7 35. Kh2 Be7 36. Kg2 Qb7 37. Bf3 Bc6 38. Rc1 f5 39. Rcd1 fxe4 40. dxe4 Rxd2+ 41. Rxd2 Rxd2+ 42. Qxd2 Bxe4 43. Bxe4 Qxe4+ 44. Kh2 Qd5 45. Qc2 g6 46. Qe2 Bf6 47. Be5 h5 48. Qf2 Be7 49. Qe2 Bd6 50. Qf2 Ke7 51. Bg7 Bc7 52. Qe3 c4 53. bxc4 Qxc4 54. Qf2 Kd7 55. Bf6 Kc6 56. Qd2 Bb6 57. Be7 Bc5 58. Bxc5 Kxc5 59. Qe3+ Kb5 60. Qd2 Qd5 61. Qe2+ Kc5 62. Qc2+ Qc4 63. Qf2+ Kc6 64. Kh3 Qd5 65. Kh2 b3 66. axb3 Qxb3 67. Qg2+ Kd6 68. Qd2+ Ke7 69. Qa5 Qc2+ 70. Kg1 a2 71. Qa7+ Kf6 72. Qd4+ Kf5 73. Qe5+ Kg4 74. Qxe6+ Kxg3 75. Qe3+ Kxh4 0-1

[Event "ENG-ch Senior Over 65"]
[Site "Kenilworth"]
[Date "2025.04.28"]
[Round "7.6"]
[White "Jackson, Oliver A"]
[Black "Moore, John C"]
[Result "1-0"]
[WhiteElo "2036"]
[BlackElo "1938"]
[PlyCount "78"]
[EventDate "2025.04.24"]
[EventType "swiss"]
[EventRounds "7"]
[EventCountry "ENG"]
[SourceTitle "BritBase"]
[Source "John Saunders"]
[SourceDate "1997.08.31"]
[SourceVersion "1"]
[SourceVersionDate "1997.08.31"]
[SourceQuality "1"]

1. e4 e5 2. f4 exf4 3. Nf3 d5 4. exd5 Nf6 5. Bc4 Nxd5 6. O-O Be7 7. d4 Be6 8. Bb3 c6 9. c4 Nb6 10. Qe2 O-O 11. Bxf4 a5 12. Nbd2 Bf6 13. Rad1 Bf5 14. Ne4 Bxe4 15. Qxe4 Re8 16. Ne5 a4 17. Bc2 g6 18. Bh6 N8d7 19. Qf4 Qe7 20. Ng4 Bg7 21. b3 axb3 22. Bxb3 Rad8 23. a4 Ra8 24. Rde1 Qf8 25. Bxg7 Qxg7 26. Nh6+ Kh8 27. Nxf7+ Kg8 28. Nh6+ Kh8 29. a5 Rxe1 30. Rxe1 Rf8 31. Qe3 Nc8 32. Ng4 Nd6 33. Ne5 Nf5 34. Qc3 Nd6 35. Nxd7 Qxd7 36. d5+ Kg8 37. c5 Nf7 38. d6 Qf5 39. Be6 h5 1-0

[Event "ENG-ch Senior Over 65"]
[Site "Kenilworth"]
[Date "2025.04.28"]
[Round "7.7"]
[White "Page, Mark Edward"]
[Black "De Coverly, Roger D"]
[Result "1-0"]
[WhiteElo "2049"]
[BlackElo "1918"]
[PlyCount "65"]
[EventDate "2025.04.24"]
[EventType "swiss"]
[EventRounds "7"]
[EventCountry "ENG"]
[SourceTitle "BritBase"]
[Source "John Saunders"]
[SourceDate "1997.08.31"]
[SourceVersion "1"]
[SourceVersionDate "1997.08.31"]
[SourceQuality "1"]

1. e4 e5 2. Nf3 Nc6 3. Bb5 a6 4. Ba4 Nf6 5. d4 exd4 6. O-O Be7 7. Re1 O-O 8. e5 Ne8 9. c3 d5 10. cxd4 Bg4 11. Bxc6 bxc6 12. h3 Bd7 13. Nc3 g6 14. Bh6 Ng7 15. Rc1 Re8 16. Na4 Qb8 17. a3 Ne6 18. b4 a5 19. Nc5 Nxc5 20. bxc5 a4 21. Rb1 Qa7 22. g4 Reb8 23. Qc2 Qa6 24. Bg5 Bf8 25. Kg2 Qc4 26. Qd2 Rb3 27. e6 Bxe6 28. Ne5 Qc3 29. Qxc3 Rxc3 30. Re3 Rc2 31. Nxc6 h6 32. Bf6 Ra6 33. Nb4 1-0

[Event "ENG-ch Senior Over 65"]
[Site "Kenilworth"]
[Date "2025.04.28"]
[Round "7.8"]
[White "Habershon, Paul F"]
[Black "Clark, Robert G"]
[Result "1/2-1/2"]
[WhiteElo "1936"]
[BlackElo "2072"]
[PlyCount "70"]
[EventDate "2025.04.24"]
[EventType "swiss"]
[EventRounds "7"]
[EventCountry "ENG"]
[SourceTitle "BritBase"]
[Source "John Saunders"]
[SourceDate "1997.08.31"]
[SourceVersion "1"]
[SourceVersionDate "1997.08.31"]
[SourceQuality "1"]

1. e4 e5 2. Nf3 Nc6 3. d4 exd4 4. Nxd4 Bc5 5. Nb3 Bb6 6. a4 a6 7. Nc3 d6 8. Nd5 Ba7 9. Be3 Bxe3 10. Nxe3 Nf6 11. Bd3 O-O 12. O-O Be6 13. c3 d5 14. Nc5 d4 15. Nxe6 fxe6 16. cxd4 Qxd4 17. Qb3 Rfe8 18. Rfd1 Qb4 19. Qxb4 Nxb4 20. f3 Rad8 21. Bc4 Nd7 22. Rd2 Nc5 23. Rad1 Rxd2 24. Rxd2 a5 25. Kf1 Kf8 26. Ke2 Ke7 27. b3 Nc6 28. Nd1 Ne5 29. Nc3 Rf8 30. Ke3 g5 31. h3 h5 32. Rf2 Rd8 33. Rd2 Rf8 34. Rf2 Rd8 35. Rd2 Rf8 1/2-1/2

[Event "ENG-ch Senior Over 65"]
[Site "Kenilworth"]
[Date "2025.04.28"]
[Round "7.9"]
[White "Hall, Alan A"]
[Black "McNally, Richard J E"]
[Result "1-0"]
[WhiteElo "1780"]
[BlackElo "1926"]
[PlyCount "125"]
[EventDate "2025.04.24"]
[EventType "swiss"]
[EventRounds "7"]
[EventCountry "ENG"]
[SourceTitle "BritBase"]
[Source "John Saunders"]
[SourceDate "1997.08.31"]
[SourceVersion "1"]
[SourceVersionDate "1997.08.31"]
[SourceQuality "1"]

1. d4 d5 2. Nf3 Nf6 3. e3 e6 4. Bd3 c5 5. c3 Nc6 6. Nbd2 Bd6 7. O-O O-O 8. dxc5 Bxc5 9. Qe2 e5 10. e4 Re8 11. h3 Nh5 12. Nb3 Ng3 13. Qc2 dxe4 14. Bxe4 Nxe4 15. Qxe4 Be7 16. Nxe5 Nxe5 17. Qxe5 Bd6 18. Qh5 Re5 19. Qf3 Be6 20. Be3 Bd5 21. Qe2 f5 22. Qd2 Bc4 23. Rfe1 Rd5 24. Nd4 Qh4 25. b3 f4 26. bxc4 fxe3 27. Qxe3 Re5 28. Qd3 Rf8 29. Nf3 Rxe1+ 30. Rxe1 Qf4 31. Qd4 b6 32. Qxf4 Rxf4 33. Nd4 Bc5 34. g3 Rf8 35. Kg2 Rc8 36. Re4 Ba3 37. Nb5 Bc5 38. Nxa7 Ra8 39. Nb5 Rxa2 40. Rf4 Rc2 41. g4 g5 42. Rf3 Re2 43. Nd4 Bxd4 44. cxd4 Rc2 45. Rf5 Rxc4 46. Rxg5+ Kf7 47. Rb5 Rxd4 48. Rxb6 Rd3 49. f3 Rd4 50. Kg3 Rd3 51. h4 Rd4 52. g5 Rc4 53. f4 Rd4 54. Kg4 Rc4 55. h5 Rc5 56. Rb7+ Kg8 57. g6 hxg6 58. hxg6 Ra5 59. f5 Ra6 60. Kg5 Ra1 61. Kf6 Ra6+ 62. Kg5 Ra1 63. Rb8+ 1-0

[Event "ENG-ch Senior Over 65"]
[Site "Kenilworth"]
[Date "2025.04.28"]
[Round "7.10"]
[White "Johnson, Richard J"]
[Black "Jackson, Sheila"]
[Result "0-1"]
[WhiteElo "1868"]
[BlackElo "2031"]
[PlyCount "46"]
[EventDate "2025.04.24"]
[EventType "swiss"]
[EventRounds "7"]
[EventCountry "ENG"]
[SourceTitle "BritBase"]
[Source "John Saunders"]
[SourceDate "1997.08.31"]
[SourceVersion "1"]
[SourceVersionDate "1997.08.31"]
[SourceQuality "1"]

1. e4 e5 2. Nf3 Nc6 3. d4 exd4 4. Nxd4 Nf6 5. Nc3 Bb4 6. Nxc6 bxc6 7. Bd3 d5 8. exd5 cxd5 9. O-O O-O 10. Bg5 c6 11. Qf3 Bd6 12. Bxf6 Qxf6 13. Qxf6 gxf6 14. Ne2 Rb8 15. b3 Rb4 16. f4 Bg4 17. g3 Bh3 18. Rfd1 Bc5+ 19. Kh1 Re8 20. c3 Bg4 21. Nd4 Bxd4 22. cxd4 Bxd1 23. Rxd1 Kg7 0-1

[Event "ENG-ch Senior Over 65"]
[Site "Kenilworth"]
[Date "2025.04.28"]
[Round "7.11"]
[White "Winter, Kevin"]
[Black "Bray, Dave J"]
[Result "1/2-1/2"]
[WhiteElo "1751"]
[BlackElo "1966"]
[PlyCount "23"]
[EventDate "2025.04.24"]
[EventType "swiss"]
[EventRounds "7"]
[EventCountry "ENG"]
[SourceTitle "BritBase"]
[Source "John Saunders"]
[SourceDate "1997.08.31"]
[SourceVersion "1"]
[SourceVersionDate "1997.08.31"]
[SourceQuality "1"]

1. e4 c5 2. Nc3 Nc6 3. Bb5 Nd4 4. Bc4 d6 5. Nf3 Nf6 6. Nxd4 cxd4 7. Nd5 Nxd5 8. Bxd5 g6 9. O-O Bg7 10. d3 O-O 11. Bg5 h6 12. Bd2 1/2-1/2

[Event "ENG-ch Senior Over 65"]
[Site "Kenilworth"]
[Date "2025.04.28"]
[Round "7.12"]
[White "Donnelly, Michael J"]
[Black "Waters, Andrew C"]
[Result "1-0"]
[WhiteElo "1913"]
[BlackElo "1841"]
[PlyCount "131"]
[EventDate "2025.04.24"]
[EventType "swiss"]
[EventRounds "7"]
[EventCountry "ENG"]
[SourceTitle "BritBase"]
[Source "John Saunders"]
[SourceDate "1997.08.31"]
[SourceVersion "1"]
[SourceVersionDate "1997.08.31"]
[SourceQuality "1"]

1. d4 f5 2. Nc3 Nf6 3. Bg5 e6 4. e4 fxe4 5. Nxe4 Be7 6. Bxf6 Bxf6 7. Qh5+ g6 8. Qh6 d5 9. Nxf6+ Qxf6 10. Nf3 Nc6 11. Bb5 Bd7 12. O-O-O O-O-O 13. Bxc6 Bxc6 14. Rhe1 Rhf8 15. Rd2 Bd7 16. Ne5 Rh8 17. Qe3 Rde8 18. Qa3 a6 19. Re3 Qe7 20. Qa5 Bb5 21. Rc3 Kb8 22. Rb3 Qd6 23. Re3 b6 24. Qc3 Rhf8 25. Rh3 Re7 26. b3 Qa3+ 27. Qb2 Qxb2+ 28. Kxb2 c5 29. c3 Kc7 30. Re3 Be8 31. f3 g5 32. Nd3 cxd4 33. cxd4 Bg6 34. Ne5 Be8 35. Rc3+ Kb7 36. Rdc2 Bb5 37. a4 Be8 38. Re3 Rf4 39. Rd2 a5 40. g3 Rf6 41. Ng4 Rg6 42. Ne5 Rf6 43. Rde2 b5 44. Nd3 bxa4 45. Nc5+ Kc7 46. Nxe6+ Kd6 47. Nxg5 Rxe3 48. Rxe3 Bd7 49. f4 h6 50. Nf3 axb3 51. Rxb3 Kc7 52. Ne5 Be8 53. Rc3+ Kb7 54. Rb3+ Kc7 55. Rc3+ Kb7 56. Rc5 Rb6+ 57. Ka3 Rb5 58. Rc3 Rb4 59. Rd3 Ra4+ 60. Kb2 Rb4+ 61. Rb3 Rb6 62. g4 a4 63. Rxb6+ Kxb6 64. Ka3 Kc7 65. g5 hxg5 66. fxg5 1-0

[Event "ENG-ch Senior Over 65"]
[Site "Kenilworth"]
[Date "2025.04.28"]
[Round "7.13"]
[White "Wynarczyk, Raymond"]
[Black "Campbell, Ian"]
[Result "0-1"]
[WhiteElo "1813"]
[BlackElo "1959"]
[PlyCount "68"]
[EventDate "2025.04.24"]
[EventType "swiss"]
[EventRounds "7"]
[EventCountry "ENG"]
[SourceTitle "BritBase"]
[Source "John Saunders"]
[SourceDate "1997.08.31"]
[SourceVersion "1"]
[SourceVersionDate "1997.08.31"]
[SourceQuality "1"]

1. e4 g6 2. d4 Bg7 3. Nc3 d6 4. f4 e6 5. Nf3 Ne7 6. e5 d5 7. Bd3 a6 8. a4 b6 9. Be3 Nd7 10. b4 Bb7 11. O-O Nf5 12. Bxf5 gxf5 13. Ng5 Qe7 14. b5 h6 15. Nf3 a5 16. Bc1 O-O-O 17. Ba3 Qe8 18. Ne2 Bf8 19. Qd3 Kb8 20. Rfc1 Rg8 21. Ng3 Bxa3 22. Rxa3 f6 23. c4 fxe5 24. Nxe5 Nxe5 25. fxe5 f4 26. cxd5 fxg3 27. hxg3 Bxd5 28. Qh7 Rd7 29. Qxh6 Rdg7 30. Rcc3 Qe7 31. Qc1 Rg4 32. Rd3 Qb4 33. Qa1 Re4 34. Rd1 Re2 0-1